• 首页
  • 本馆介绍
  • 公告通知
  • 最新文献
  • 馆藏检索
  • 电子资源
  • 读者导购
  • 参考咨询
  • 我的图书馆
  • 登录
  • 详细信息显示
  • 放入我的书架
  • 预约/预借图书
  • 作者相关作品
  • 分类相关作品
  • 丛书相关作品
  • 出版社相关作品

书目信息

  • 表格格式
  • 工作单格式
  • 卡片格式
题名:
《毛泽东选集》词语典故手册
    
 
作者: 和龙天 , 张山 , 杨进保 编著
分册:  
出版信息: 北京   中国国际广播出版社  1991
页数: 439页
开本: 20cm
丛书名:
单 册:
中图分类: A841.1-62
科图分类:
主题词: 毛泽东著作研究--选集
电子资源:
ISBN: 7-5078-0031-8
000 00748nam0 2200229 45
001 0196107956
005 20060105145957.42
010    @a7-5078-0031-8@b精装@dCNY8.80
100    @a19960924d1991 em y0chiy0120 ea
101 0  @achi
102    @aCN@b110000
105    @ay z 000yy
200 10 @a《毛泽东选集》词语典故手册@A《 mao ze dong xuan ji 》 ci yu dian gu shou ce@f和龙天,张山,杨进保编著@Fhe long tian,zhang shan,yang jin bao bian zhu
210    @a北京@c中国国际广播出版社@d1991
215    @a439页@d20cm
606 0  @a毛泽东著作研究@x选集
690    @aA841.1-62@v3
701  0 @a和龙天@4编著
701  0 @a张山@Azhang shan@4编著
701  0 @a杨进保@Ayang jin bao@4编著
801  0 @aCN@bNLC@c20060105
905    @f2@b245621-622@dA841.1-62@e31
    
    《毛泽东选集》词语典故手册/和龙天,张山,杨进保编著.-北京:中国国际广播出版社,1991
    439页;20cm
    
    
    ISBN 7-5078-0031-8(精装):CNY8.80
    
●
相关链接 在E读中查询图书 在五车中查询图书 在当当中查询图书 在豆瓣中查询图书


正题名:《毛泽东选集》词语典故手册     索取号:A841.1-62/31         预约/预借

序号 登录号 条形码 馆藏地/架位号 状态 备注
1 0245621   001390872   密集书库/ [索取号:A841.1-62/31] 在馆    
2 0245622   001390907   工具书阅览室/ [索取号:A841.1-62/31] 在馆    
3 0245623   202186927   密集书库/ [索取号:A841.1-62/31] 在馆    
4 0245624   002047680   第一样本阅览室/ [索取号:A841.1-62/31] 在馆    
5 0245625   202186883   密集书库/ [索取号:A841.1-62/31] 在馆    
唐山师范学院图书馆 欢迎您!
大连网信软件有限公司© 版权所有